| 000 | 01924nkc a2200301za 4500 | ||
|---|---|---|---|
| 001 | 84568 | ||
| 003 | OSt | ||
| 005 | 20260423155855.0 | ||
| 007 | kh boc | ||
| 008 | 250410s1909 sp ||||| ||||||0| i|spa d | ||
| 040 |
_cM-RABA _aM-RABA _bspa |
||
| 245 |
_aEl paso milagroso de los discípulos de Santiago por el río Tambre _h[Material gráfico] _c/ Antonio Chaves |
||
| 260 |
_b[Hauser y Menet] _c, [ca. 1909] |
||
| 300 |
_a1 fotografía _b: gelatina de plata _c; imagen 19,7 x 12,2 cm _c; soporte secundario 30 x 24 cm |
||
| 500 | _aFotografía del relieve "El paso milagroso de los discípulos de Santiago por el río Tambre" de Alonso Cháves, obteniendo en los Premios de la Academia de escultura el segundo premio de la primera clase del año 1763. Se conserva un fragmento en el Museo de la Real Academia de Bellas Artes de San Fernando con nº de inventario E-392. | ||
| 500 | _aMontada sobre un soporte secundario de cartón, con texto manuscrito a lápiz en la parte inferior al recto: "El paso milagroso de los discípulos de Santiago por el río Tambre por D. Antonio Chaves. 1763. 1ª clase". Nota manuscrita al verso a lápiz rojo: "Alfonso de Chaves / 1763 (Concurso)" | ||
| 500 | _aErróneamente se al escultor se le nombre Antonio y no Alonso | ||
| 500 | _aFecha probable de la realización de la fotografía realizada por Hauser y Menet. | ||
| 544 | _aArchivo de la Real Academia de Bellas Artes de San Fernando (Le-4-29-1) | ||
| 600 | 1 | 0 |
_aChaves, Alonso de _d(1741-1771) _9111684 |
| 610 | 2 | 4 |
_aReal Academia de Bellas Artes de San Fernando. _975832 |
| 651 | 7 |
_aMadrid _2embne _975182 |
|
| 655 | 7 |
_aFotografías de obras de arte _975675 |
|
| 710 | 2 |
_aHauser y Menet (Madrid) _950978 |
|
| 852 | _jFot-601 | ||
| 856 |
_3Fot-601 _uhttps://archivoybiblioteca.realacademiabellasartessanfernando.com/cgi-bin/koha/opac-retrieve-file.pl?id=2dbbdf1c7d7c9b1fc8c88835c4600fe9 |
||
| 942 |
_2ddc _cFOTOGRAFÍA _n0 |
||
| 999 |
_c84568 _d84568 |
||